| 000 -CABECERA |
| fixed length control field |
00843nam a22001817a 4500 |
| 003 - IDENTIFICADOR DEL NÚMERO DE CONTROL |
| control field |
AR-CdUCM |
| 008 - DATOS DE LONGITUD FIJA--INFORMACIÓN GENERAL |
| fixed length control field |
190313b ||||| |||| 00| 0 spa d |
| 040 ## - FUENTE DE LA CATALOGACIÓN |
| Agencia/entidad que catalogó originalmente la obra |
MUNICIPALIDAD PROVINCIAL DEL CUSCO |
| Entidad que transcribió la catalogación |
BIBLIOTECA MUNICIPAL DEL CUSCO |
| 082 ## - NÚMERO DE LA CLASIFICACIÓN DECIMAL DEWEY |
| No. de Clasificación |
987.1 / |
| Notacion interna |
S64 |
| 110 ## - ENTRADA PRINCIPAL--NOMBRE DE ENTIDAD CORPORATIVA |
| Nombre de la institución, jurisdicción como entrada principal |
Publicaciones de la sociedad Bolivariana de Venezuela |
| 9 (RLIN) |
16860 |
| 245 ## - MENCIÓN DE TÍTULO |
| Título |
Testimonios peruanos sobre el libertador / |
| 260 ## - PUBLICACIÓN, DISTRIBUCIÓN, ETC. |
| Lugar de publicación, distribución, etc. |
Caracas : |
| Nombre de la editorial, distribuidor, etc. |
Nacional, |
| Fecha de publicación, distribución, etc. |
1964. |
| 300 ## - DESCRIPCIÓN FÍSICA |
| Nº de Páginas Extensión |
482 paginas ; |
| Dimensiones |
23 cm. |
| 505 ## - NOTA DE CONTENIDO CON FORMATO |
| Nota de contenido formateada |
Contenido : Actos y documentos oficiales en honor del libertador -- Llegada del libertador a Lima -- El congreso del Perú deposita en el libertador la suprema autoridad de la nación -- Decretos de honores -- Manifiesto del consejo de gobierno a los pueblos del Perú ... |
| 942 ## - ELEMENTOS DE PUNTO DE ACCESO ADICIONAL (KOHA) |
| Fuente de clasificación |
|
| Tipo de item |
Libros-BMC |
| 945 ## - PROCESAMIENTO DE INFORMACIÓN LOCAL (OCLC) |
| Catalogador |
rah |